| 000 | 00542nam a2200157Ia 4500 | ||
|---|---|---|---|
| 008 | 210716s2018 xx 000 0 und d | ||
| 020 | _a9788126577118 | ||
| 041 | _aeng | ||
| 082 | _a004.6912 FURN | ||
| 100 | _aFurneaux, Nick. | ||
| 245 |
_aInvestigating cryptocurrencies: understanding extracting ans analyzing blockchain evidence. _bUnderstanding extracting ans analyzing blockchain evidence. |
||
| 250 | _a1 | ||
| 260 |
_aNew Delhi _bWiley India Pvt Ltd _c2018 |
||
| 300 | _axxxii,287 | ||
| 650 | _aCryptography-Data encryption(005.82) | ||
| 999 |
_c197028 _d197028 |
||